Logo BPK

Biblioteka

Politechniki Koszalińskiej

Zbiorniki metalowe na ciecze i gazy / (Rekord nr 56223)

Szczegóły MARC
000 -ETYKIETA REKORDU
podpole kontrolne o stałej długości 01112nam a2200349 i 4500
001 - NUMER KONTROLNY REKORDU
pole kontrolne bg
020 ## - MIĘDZYNARODOWY ZNORMALIZOWANY NUMER KSIĄŻKI - ISBN
ISBN 832133220X
040 ## - ŹRÓDŁO KATALOGOWANIA
Instytucja, która utworzyła rekord BPK
041 ## - KOD JĘZYKA
Kod języka tekstu pol
044 ## - KOD KRAJU WYDAWCY/PRODUCENTA
Kod kraju wydawcy/producenta POL
080 ## - UNIWERSALNA KLASYFIKACJA DZIESIĘTNA - UKD
UKD 621.64
080 ## - UNIWERSALNA KLASYFIKACJA DZIESIĘTNA - UKD
UKD 662
080 ## - UNIWERSALNA KLASYFIKACJA DZIESIĘTNA - UKD
UKD 532
080 ## - UNIWERSALNA KLASYFIKACJA DZIESIĘTNA - UKD
UKD 533
080 ## - UNIWERSALNA KLASYFIKACJA DZIESIĘTNA - UKD
UKD (075.8)
920 ## - Międzynarodowy znormalizowany numer książki – ISBN
ISBN 83-213-3220-X
008 - POLE O STAŁEJ DŁUGOŚCI - DANE KONTROLNE
podpole kontrolne o stałej długości 120320s2008 pl f |000 0 pol
100 1# - NAZWA OSOBOWA
Nazwa osobowa Ziółko, Jerzy
Daty związane z nazwą (1934- ).
245 10 - TYTUŁ/ODPOWIEDZIALNOŚĆ
Tytuł Zbiorniki metalowe na ciecze i gazy /
Pozostałe elementy strefy tytułu i oznaczenia odpowiedzialności Jerzy Ziółko.
250 ## - STREFA WYDANIA
Oznaczenie wydania Wyd. 2 zm. i uzup. repr. wyd. z 1986 r.
260 ## - STREFA ADRESU WYDAWNICZEGO
Miejsce wydania Warszawa :
Nazwa wydawcy/dystrybutora Wydawnictwo Arkady,
Data publikacji, dystrybucji/powstania dokumentu [2008].
300 ## - STREFA OPISU FIZYCZNEGO
Objętość 372, [1] s. :
Inne cechy fizyczne il. ;
Rozmiary 24 cm.
500 ## - UWAGI OGÓLNE
Tekst uwagi Data wyd. repr. na s. internetowej wydawnictwa.
504 ## - UWAGA DOTYCZĄCA BIBLIOGRAFII
Informacje o bibliografii Bibliogr. 367-373.
534 ## - UWAGA DOTYCZĄCA PODSTAWY REPRODUKCJI (WERSJI ORYGINALNEJ)
Zwrot wprowadzający Reprint, oryg.:
Oznaczenie wydania oryginału wyd. 2 zm. i uzup.
Adres wydawniczy oryginału Warszawa : Arkady, 1986.
650 #4 - HASŁO PRZEDMIOTOWE W FORMIE NAZWY OGÓLNEJ LUB JEDNOSTKOWEJ
Nazwa ogólna lub geograficzna Zbiorniki
Określnik ogólny budowa i konstrukcje
650 #4 - HASŁO PRZEDMIOTOWE W FORMIE NAZWY OGÓLNEJ LUB JEDNOSTKOWEJ
Nazwa ogólna lub geograficzna Gaz
Określnik ogólny magazynowane
650 #4 - HASŁO PRZEDMIOTOWE W FORMIE NAZWY OGÓLNEJ LUB JEDNOSTKOWEJ
Nazwa ogólna lub geograficzna Ciecze
Określnik ogólny magazynowane
655 #4 - TERMIN INDEKSOWY - OKREŚLENIE RODZAJU/FORMY DOKUMENTU
Określenie rodzaju/formy dokumentu Podręczniki akademickie
856 ## - LOKALIZACJA I DOSTĘP DO ELEKTRONICZNYCH DOKUMENTÓW ZDALNYCH
Link (URL) http://koha.tu.koszalin.pl/cgi-bin/koha/opac-detail.pl?biblionumber=56223
Tekst linku Katalog online BPK
942 ## - DODATKOWE ELEMENTY (KOHA)
Typ dokumentu Książka
Egzemplarze
Wycofany Status egzemplarza Uszkodzony Dostępność Lokalizacja stała Lokalizacja bieżąca Miejsce przechowywania Sygnatura Kod kreskowy Dział Typ dokumentu Ostatnio wypożyczono Uwaga przeznaczona na użytek publiczny
      Dostępny Biblioteka Politechniki Koszalińskiej Biblioteka Politechniki Koszalińskiej Wypożyczalnia BG 90781 02474601   Książka 21.02.2013 Zakup ze środków katedralnych
      Dostępny Biblioteka Politechniki Koszalińskiej Biblioteka Politechniki Koszalińskiej Wypożyczalnia BG 99327 02531823   Książka 28.03.2019  
      Tylko na miejscu Czytelnia Wydziału Elektroniki i Informatyki, Wydziału Architektury i Wzornictwa, Wydziału Inżynierii Mechanicznej i Energetyki oraz Wydziału Inżynierii Lądowej, Środowiska i Geodezji Czytelnia Wydziału Elektroniki i Informatyki, Wydziału Architektury i Wzornictwa, Wydziału Inżynierii Mechanicznej i Energetyki oraz Wydziału Inżynierii Lądowej, Środowiska i Geodezji Czytelnia Wydziałowa ul. Śniadeckich 2 90779 02474625 66 Przemysł chemiczny Książka    
  Egz. niedostępny   Niedostępny Czytelnia Wydziału Elektroniki i Informatyki, Wydziału Architektury i Wzornictwa, Wydziału Inżynierii Mechanicznej i Energetyki oraz Wydziału Inżynierii Lądowej, Środowiska i Geodezji Czytelnia Wydziału Elektroniki i Informatyki, Wydziału Architektury i Wzornictwa, Wydziału Inżynierii Mechanicznej i Energetyki oraz Wydziału Inżynierii Lądowej, Środowiska i Geodezji Czytelnia Wydziałowa ul. Śniadeckich 2 90780 02474618 66 Przemysł chemiczny Książka 21.02.2013 Zakup ze środków katedralnych
© 2023 Biblioteka Politechniki Koszalińskiej :: KOHA